سفر گوم پوشر تھ / (Record no. 198898)

MARC details
000 -LEADER
fixed length control field 00614nam a22001937a 4500
005 - DATE AND TIME OF LATEST TRANSACTION
control field 20231027123317.0
010 ## - LCCN (DPL NO)
LC control number UR-12335
020 ## - INTERNATIONAL STANDARD BOOK NUMBER
International Standard Book Number 9789393785596
Terms of availability 30.00
035 ## - SYSTEM CONTROL NUMBER
System control number U-10890
037 ## - SOURCE OF ACQUISITION
Source of stock number/acquisition DBAD/PUB
082 ## - DEWEY DECIMAL CLASSIFICATION NUMBER
Classification number 841
100 ## - MAIN ENTRY--PERSONAL NAME
Personal name اظھر نذیر
245 ## - TITLE STATEMENT
Title سفر گوم پوشر تھ /
Statement of responsibility, etc اظھر نذیر
246 ## - VARYING FORM OF TITLE
Title proper/short title Safar Goan Pushrith /
Remainder of title by Azhar Nazir
260 ## - PUBLICATION, DISTRIBUTION, ETC. (IMPRINT)
Place of publication, distribution, etc New Delhi
Name of publisher, distributor, etc Educational Publishing House
Date of publication, distribution, etc 2022 ء
270 ## - ADDRESS
Address H.o. D1/16, Ansari Road, Darya Ganj
City New Delhi
Postal code 110002
300 ## - PHYSICAL DESCRIPTION
Extent 173 ص
Dimensions 22cm(Hb)
942 ## - ADDED ENTRY ELEMENTS (KOHA)
Source of classification or shelving scheme Dewey Decimal Classification
Item type Urdu Bks
Classification part 841
Call number suffix ا ظ ھ
Edition
Holdings
Withdrawn status Lost status Not for loan Collection code Home library Current library Date acquired Source of acquisition Cost, normal purchase price Full call number Barcode Copy number Cost, replacement price Koha item type
      Non-fiction Bawana Bawana 27/10/2023 DBAD/PUB. 300.00 841 ا ظ ھ U-10890 1 300.00 Urdu Bks

© Delhi Public Library
Hit Counter
free hit counter